Multi-Category Minefield Blitz V Quiz Stats

 Plays Quiz Updated Oct 14, 2021

Support Sporcle.
Go Orange.
Score 0/30 Timer 01:00
0 Plays Today
% Correct
???
70.3%
???
70.2%
???
69.2%
???
69.1%
???
67.5%
???
67.1%
???
66.9%
???
66.9%
???
66.8%
???
66.8%
???
66.7%
???
66%
???
65.5%
???
65.4%
???
65%
% Correct
???
65%
???
64.9%
???
64.8%
???
64.7%
???
64.3%
???
63.7%
???
63.5%
???
63.3%
???
63.2%
???
62.6%
???
61.7%
???
61.5%
???
60.2%
???
56.3%
???
55.9%

From the Vault

Profile: Buffy Summers

by Sarahbelle

Apparently her shoe size was never mentioned in the show.
Remove Ads.
Support Sporcle.
Get the best of Sporcle when you Go Orange. This ad-free experience offers more features, more stats, and more fun while also helping to support Sporcle. Thank you for becoming a member.

Show Comments

Extras

Top Quizzes Today


Score Distribution

Your Account Isn't Verified!

In order to create a playlist on Sporcle, you need to verify the email address you used during registration. Go to your Sporcle Settings to finish the process.

Report this User

Report this user for behavior that violates our Community Guidelines.

Details: